00289nam a22000977a 4500082002000000110002400020245006100044300001200105526003700117526003700154 a355.400956bCRI aStaff College Queta aCritical study of the campaign in Mesopotamia uo to 1917 a362 p.: a0b0c0d355_400956000000000_CRI a0b0c0d355_400956000000000_CRI